000 00509nam a2200157 i 4500
001 23968
003 ES-MaACL
005 20230906152951.0
007 t|
008 021213s1912 sp ||||1| spa d
100 1 _aAndrade Marín, Francisco.
_921526
245 1 3 _aEl mensaje del Señor D. Francisco Andrade Marín al Congreso Ecuatoriano de 1912 /
_cFrancisco Andrade Marín.
260 _aBarcelona :
_b[s.n.],
_c1912 (
_fTalleres de E. Bosch)
300 _a14 p. ;
_c21 cm.
852 _aES-MaACL
_jT-1350-F-7
999 _c23968
_d23968